|
|
|
|
| LEADER |
00000nab a2200000 a 4500 |
| 001 |
vtls010075702 |
| 003 |
SK-MaSNL |
| 005 |
20260305024256.0 |
| 008 |
171108 20100311xo dr er 000 0 slo |
| 038 |
|
|
|a KEVKJB
|
| 040 |
|
|
|a KEVKJB
|b slo
|c KEVKJB
|e AACR2
|
| 041 |
0 |
|
|a slo
|
| 044 |
|
|
|a xo
|c SK
|
| 080 |
|
|
|a 352(437.672)
|2 2001
|
| 100 |
1 |
|
|a Ogurčáková, Jana
|4 aut
|9 835010
|
| 245 |
1 |
0 |
|a Mesto a NKÚ sa sporia, kto zle počíta
|b podľa kontrolórov prišli Košice o 675-tisíc eur
|c Jana Ogurčáková
|
| 300 |
|
|
|b Obr.
|
| 610 |
1 |
7 |
|a Košice (Slovensko).
|b Magistrát
|2 kevkjb
|9 168631
|
| 610 |
1 |
7 |
|a Slovensko.
|b Najvyšší kontrolný úrad
|2 kevkjb
|9 131975
|
| 651 |
|
7 |
|a úrady
|x kontroly
|z Košice (Slovensko)
|2 kevkjb
|9 1603023
|
| 651 |
|
7 |
|a Košice (Slovensko)
|2 kevkjb
|9 18694
|
| 773 |
0 |
|
|t Košický Korzár
|g Roč. XIII, č. 58 (11.3.2010), s. 2
|x 1335-4566
|
| 852 |
|
|
|a KEVKJB
|b KIS3GCP
|
| 999 |
|
|
|c 3301366
|d 3303296
|